| 000 | 00429cam a22001694a 4500 | ||
|---|---|---|---|
| 005 | 20250605164249.0 | ||
| 008 | 250528s ||||||||||||||||||||||||d | ||
| 035 | _a21670 | ||
| 040 |
_aGR-AtMCL _bgre _dGR-AtMCL _eAACR2 |
||
| 245 | 1 | _aΕΙΣΑΓΩΓΗ ΣΤΗΝ ΑΝΘΡΩΠΟΜΕΤΡΙΑ | |
| 250 | _a1 | ||
| 260 |
_bΑ.Π.Θ, _c1963 |
||
| 700 | 1 |
_aΦατουρος Δ.Α _97608 |
|
| 942 | _cBK | ||
| 999 |
_c6731 _d6731 |
||